[Event "RSA-ch U12 Girls"]
[Site "Bloemfontein"]
[Date "2016.03.23"]
[Round "7"]
[White "Louw, Danial"]
[Black "Abrahams, Taahirah"]
[Result "0-1"]
[WhiteElo "929"]
[BlackElo "883"]
[PlyCount "46"]
[EventDate "2016.03.20"]
[EventType "swiss"]
[EventRounds "11"]
[EventCountry "RSA"]
[SourceTitle "CBM 171 Extra"]
[Source "ChessBase"]
[SourceDate "2016.04.26"]
[SourceVersion "1"]
[SourceVersionDate "2016.04.26"]
[SourceQuality "1"]

1. e4 e5 2. Nf3 Nc6 3. d4 Be7 4. Bc4 Nf6 5. Ng5 Bb4+ 6. c3 d5 7. exd5 Na5 8. dxe5 Nxc4 9. exf6 Qxf6 10. cxb4 0-0 11. 0-0 Ne5 12. Qc2 Bf5 13. Qxc7 Rac8 14. Qxb7 Rxc1 15. Rxc1 Qxg5 16. Rd1 Nf3+ 17. Kh1 Be4 18. g3 Nd4+ 19. Kg1 Nf3+ 20. Kg2 Nxh2+ 21. Kg1 Qg4 22. f3 Qxg3+ 23. Kh1 Bxf3# 0-1

[Event "RSA-ch U12 Girls"]
[Site "Bloemfontein"]
[Date "2016.03.21"]
[Round "2"]
[White "Van den Bergh, Marilene"]
[Black "Abrahams, Taahirah"]
[Result "1/2-1/2"]
[WhiteElo "1060"]
[BlackElo "883"]
[PlyCount "115"]
[EventDate "2016.03.20"]
[EventType "swiss"]
[EventRounds "11"]
[EventCountry "RSA"]
[SourceTitle "CBM 171 Extra"]
[Source "ChessBase"]
[SourceDate "2016.04.26"]
[SourceVersion "1"]
[SourceVersionDate "2016.04.26"]
[SourceQuality "1"]

1. e4 e5 2. Bc4 Nf6 3. Nc3 Bc5 4. Nf3 Nc6 5. d3 d6 6. h3 Be6 7. Bxe6 fxe6 8. Ng5 Qd7 9. Nb5 a6 10. Nc3 0-0-0 11. Na4 Ba7 12. Qe2 Nd4 13. Qd2 Qxa4 14. b3 Qc6 15. c3 Nb5 16. Nf7 Nxc3 17. Nxd8 Rxd8 18. Bb2 Bd4 19. Rc1 Rf8 20. Bxc3 Bxc3 21. Rxc3 Qb6 22. 0-0 d5 23. Rfc1 Ne8 24. Rf1 d4 25. Rc4 a5 26. b4 a4 27. Qb2 Rf7 28. Qa3 Nd6 29. Rc5 Nb5 30. Qxa4 Na7 31. Ra5 Nc6 32. Ra8+ Kd7 33. Ra5 Ke7 34. Rb5 Qa6 35. Qxa6 bxa6 36. Rb7 Kd8 37. Rc1 Kc8 38. Rxc6 Kxb7 39. Rxe6 c6 40. Rxe5 Kc7 41. Rc5 Kd7 42. e5 Kc7 43. a4 Rf8 44. b5 Kb6 45. Rxc6+ Kb7 46. Rxa6 Re8 47. e6 h5 48. Rd6 g5 49. Rd7+ Kb6 50. e7 Ka5 51. Ra7+ Kb6 52. Ra6+ Kb7 53. Rd6 Rxe7 54. Rxd4 Kb6 55. Rd5 Rg7 56. Kf1 Ka5 57. Rd4 Rc7 58. h4 1/2-1/2